INTERNATIONAL FINANCE (Record no. 2)
[ view plain ]
| 000 -LEADER | |
|---|---|
| fixed length control field | 00298nam a2200121Ia 4500 |
| 008 - FIXED-LENGTH DATA ELEMENTS--GENERAL INFORMATION | |
| fixed length control field | 240624s9999 xx 000 0 und d |
| 041 ## - LANGUAGE CODE | |
| Language code of text/sound track or separate title | eng |
| 082 ## - DEWEY DECIMAL CLASSIFICATION NUMBER | |
| Classification number | 332.042 VIJ |
| 100 ## - MAIN ENTRY--PERSONAL NAME | |
| Personal name | VIJ MADHU |
| 245 ## - TITLE STATEMENT | |
| Title | INTERNATIONAL FINANCE |
| 260 ## - PUBLICATION, DISTRIBUTION, ETC. | |
| Date of publication, distribution, etc. | 1997 |
| Place of publication, distribution, etc. | New Delhi |
| Name of publisher, distributor, etc. | Excel Books |
| 300 ## - PHYSICAL DESCRIPTION | |
| Extent | v, : 177 : p. : cm. ; 24 |
| Withdrawn status | Lost status | Damaged status | Not for loan | Home library | Current library | Shelving location | Date acquired | Total Checkouts | Full call number | Barcode | Date last seen | Date last checked out | Price effective from | Koha item type |
|---|---|---|---|---|---|---|---|---|---|---|---|---|---|---|
| IMTN | IMTN | Rack 9-A | 10/12/2004 | 2 | 332.042 VIJ | 2 | 10/13/2024 | 10/13/2024 | 06/24/2024 | Books |